000
00274nam a22001217a 4500
008
170623b xxu||||| |||| 00| 0 eng d
041
_a
eng
080
_a
32
100
_a
21
101
_a
SHP
245
_a
CIVIL DISOBEDIENCE AND DEMOCRACY
_c
ZASHIN.E.M
942
_2
udc
_c
BK
999
_c
18904
_d
18904